| 000 | 00333nam a2200121Ia 4500 | ||
|---|---|---|---|
| 008 | 190216s9999||||xx |||||||||||||| ||und|| | ||
| 100 | _aTandon Tk | ||
| 245 | 0 | _aSugarcane Cultivation In Northern India | |
| 260 |
_b"Farm Information Unit, Newdelhi" _c1971 |
||
| 300 | _a35p | ||
| 650 | _aSugarcane Cultivation In India | ||
| 942 | _cREF | ||
| 999 |
_c35317 _d35317 |
||